00477 2200169 4500001002100000005001500021035002000036245012000056100001000176250001000186300001200196260002500208082001200233084001800245020002200263650002200285INLIS00000000000010720210219094238 a0010-02210000801 aShalat Istikharah :bRahasia Menentukan Keputusan dengan Cepat dan Tepat /cAbu Abdillah Ahmad bin Zayid bin Hamdan0 aAhmad acet.2 a128hal. aSolo :bAqwam,c2017 a297.412 a297.412 AHM s a978-979-039-008-9 4aShalat Istikharah